| 000 | 00868nam a22002897a 4500 | ||
|---|---|---|---|
| 001 | BR8006943 | ||
| 003 | BR-BrBNA | ||
| 005 | 20230928090815.0 | ||
| 007 | ta | ||
| 008 | 230509b bl.||||| |||| 00| 0 por d | ||
| 040 |
_aBR-BrBNA _bpor _cBiblioteca Nacional de Agricultura |
||
| 041 | _a(Por) | ||
| 072 |
_aF30 _b0210 |
||
| 090 | _ 0210 BR8006943 | ||
| 100 | 1 | _aYamada, M.M. | |
| 110 | 1 |
_aUniversidade Federal de Vicosa, MG (Brasil) _0Tese (Magister Scientiae) |
|
| 245 | 1 | _aEstudos de metodos para testes de genotipos de batata (Solanum tuberosum L.)tolerantes ao aluminio | |
| 260 | 3 |
_aVicosa, MG (Brasil): _c1980. |
|
| 300 | _a35 p. | ||
| 500 | _a20 tables; 44 ref.; Summary (Por) | ||
| 650 | _aBATATA | ||
| 650 | _aGENOTIPO | ||
| 650 | _aMELHORAMENTO GENETICO VEGETAL | ||
| 650 | _aALUMINIO | ||
| 909 |
_a202309 _bLucia _c55 _dLucia Elande |
||
| 942 | _cBK | ||
| 999 |
_c30643 _d30643 |
||